000
00333nam a22001457a 4500
008
210226b ||||| |||| 00| 0 eng d
020
_a
9781601521903
041
_a
eng
080
_a
004
082
_a
004
100
_a
28
101
_a
SHKI
245
_a
Online Communication and Social Networking
_c
Whiting, J
942
_2
udc
_c
BK
999
_c
55292
_d
55292